Recenzió
Elmentve itt :
| Szerző: | |
|---|---|
| Dokumentumtípus: | Cikk |
| Megjelent: |
2021
|
| Sorozat: | NÉPEGÉSZSÉGÜGY
98 No. 1 |
| mtmt: | 32070307 |
| Online Access: | http://publicatio.bibl.u-szeged.hu/21676 |
| LEADER | 00564nab a2200181 i 4500 | ||
|---|---|---|---|
| 001 | publ21676 | ||
| 005 | 20210621103546.0 | ||
| 008 | 210621s2021 hu o 0|| zxx d | ||
| 022 | |a 0369-3805 | ||
| 024 | 7 | |a 32070307 |2 mtmt | |
| 040 | |a SZTE Publicatio Repozitórium |b hun | ||
| 041 | |a zxx | ||
| 100 | 1 | |a Tarkó Klára | |
| 245 | 1 | 0 | |a Recenzió |h [elektronikus dokumentum] / |c Tarkó Klára |
| 260 | |c 2021 | ||
| 300 | |a 24-24 | ||
| 490 | 0 | |a NÉPEGÉSZSÉGÜGY |v 98 No. 1 | |
| 856 | 4 | 0 | |u http://publicatio.bibl.u-szeged.hu/21676/1/TK_Nepegeszsegugy_recenzio_2021.pdf |z Dokumentum-elérés |